000 00626cam a22002295a 4500
001 58095
003 CO-BoRNBP
005 20250815203846.0
007 ta
008 040127s1989 ck gr 000 j spa
020 _a9580408505
040 _aCO-BoBN
_bspa
_cCO-BoBN
100 1 _aVincent, Gabrielle
_962429
245 1 0 _aErnesto y Celestina, Ernesto está enfermo /
_cGabrielle Vincent
250 _a1a. edición
300 _a[26] p. :
_bil. col. ;
_c21 x 24 cm
336 _2rdacontent
_atexto
_btxt
337 _2rdamedia
_asin mediación
_bn
338 _2rdacarrier
_avolumen
_bnc
650 _2LEMB
942 _2ddc
_cBK
999 _c58095
_d58095